00631pab a2200133 454500008004000000100001900040245005400059260000900113300001300122362001200135520031200147650002000459773001800479180718b2001 xxu||||| |||| 00| 0 eng d aGaan, Narottam aWater not oil: crisis of the twenty-first century c2001 ap.94-108 aJul-Sep aIn recent years, there has been a growing awareness of the link between environmental degradation and scarcity of resources, and the resultant conflict both national and international. Water, which is seen as a renewable resource, will be a major cause of conflict in the twenty-first century. - Reproduced aWater resources aWorld Affairs